02465cam a22004814i 4500003000900000005001700009008004100026035001900067040003300086049000900119082002100128130005100149245023400200264004900434300008600483336002100569337002500590338002300615505003600638526001000674526001000684526001000694526001000704526000800714526000800722526000800730526000800738526000800746526000800754526000800762630005400770910000800824942001500832949012700847949012700974949012701101949012701228949012701355980011001482999001701592952018701609952018701796PE-LiUPU20250731173600.0150617s1947 nyu r 000 0 eng d a(Sirsi) a13021 aPE-LiUPUbspacPE-LiUPUerda aPRUA04a220.52bH761221 aBiblia.lInglésf1958sKing James Versión.14aThe Holy Bible :bContaining the Old and New Testaments. Translates out of original tongues and with the former translations diligently compared commonly knows as the Authorized (King James) Version /cThe Gideons International. 1aChicago :bThe Gideons International,c1958. a845 páginas (Old testament), 260 páginas (New Testament) ;c20 centímetros. atext2rdacontent aunmediated2rdamedia avolume2rdacarrier0 aOld Testament -- New Testament. aSEG42 aSEG41 aSEG40 aSEG39 aP94 aP87 aP86 aP85 aP77 aP76 aP3514aBiblia.lInglésf1958sKing James Version.9954 ajck 2ddccBKn0 a220.52 K58wDEWEYc1i04501lCCODEBUL1mBULp14.00r0sYtBOOKu19920329xTEOLOGIA0COMPRAo.STAFF. Colección Teología a220.52 K58wDEWEYc2i02017lCCODEBUL1mBULp14.00r0sYtBOOKu19920329xTEOLOGIA0COMPRAo.STAFF. Colección Teología a220.52 K58wDEWEYc3i04499lCCODEBUL1mBULp14.00r0sYtBOOKu19920329xTEOLOGIA0COMPRAo.STAFF. Colección Teología a220.52 K58wDEWEYc4i04500lCCODEBUL1mBULp14.00r0sYtBOOKu19920329xTEOLOGIA0COMPRAo.STAFF. Colección Teología a220.52 K58wDEWEYc5i53998lCCODEBUL1mBULp14.00r0sYtBOOKu19920329xTEOLOGIA0COMPRAo.STAFF. Colección Teología 81gALBERTO SANCHEZ Responsable de Automatización618226aJaime Vilcazán Jefe de Análisis Documental c62269d62268 r2025-12-02 00:00:00i6l7o220.52 H761 1958p04499s2025-05-07te2v15.00w2015-06-17xFTyBKzinventario-2023-12-13102ddc50708GENfP35aBULbBULcGENd2015-06-17eCOMPRAg10.00 r2026-03-16 19:03:35i6l3o220.52 H761 1958p04500s2026-03-16te1v19.00w2015-06-17xFTyBKzinventario-2023-12-13102ddc50708GENfP35aBULbBULcGENd2015-06-17eCOMPRAg14.00